| 000 | 00366nab a2200133Ia 4500 | ||
|---|---|---|---|
| 003 | ES-SlBCS | ||
| 005 | 20210601125455.0 | ||
| 008 | 140529s1988-89 xxu||||| |||| 00| 0 eng d | ||
| 041 | _aeng | ||
| 100 | 1 |
_aSokolowski, Robert _947028 |
|
| 245 | 0 | 0 |
_aReferring _c Robert Sokolowski |
| 773 | 0 |
_tReview of Methaphysics _gvol. 42, 1988-89, págs. 27-50 _wRev843 |
|
| 942 | _cAR | ||
| 999 |
_c530918 _d530918 |
||